<?xml version="1.0" encoding="UTF-8"?>
<record
    xmlns:xsi="http://www.w3.org/2001/XMLSchema-instance"
    xsi:schemaLocation="http://www.loc.gov/MARC21/slim http://www.loc.gov/standards/marcxml/schema/MARC21slim.xsd"
    xmlns="http://www.loc.gov/MARC21/slim">

  <leader>00849nam a22002415a 4500</leader>
  <controlfield tag="003">OSt</controlfield>
  <controlfield tag="005">20180204120653.0</controlfield>
  <controlfield tag="008">180204s1986    ku o   grb   f000 0 ara d</controlfield>
  <datafield tag="040" ind1=" " ind2=" ">
    <subfield code="a">EG-ScBUE</subfield>
    <subfield code="b">ara</subfield>
    <subfield code="c">EG-ScBUE</subfield>
  </datafield>
  <datafield tag="043" ind1=" " ind2=" ">
    <subfield code="a">a-ku---</subfield>
  </datafield>
  <datafield tag="082" ind1="0" ind2="4">
    <subfield code="a">398.095367</subfield>
    <subfield code="b">&#x643; &#x645; &#x627;</subfield>
    <subfield code="2">22</subfield>
  </datafield>
  <datafield tag="100" ind1="1" ind2=" ">
    <subfield code="a">&#x643;&#x645;&#x627;&#x644;&#x60C; &#x635;&#x641;&#x648;&#x62A;.</subfield>
    <subfield code="9">16386</subfield>
  </datafield>
  <datafield tag="245" ind1="1" ind2="0">
    <subfield code="a">&#x645;&#x62F;&#x62E;&#x644; &#x644;&#x62F;&#x631;&#x627;&#x633;&#x629; &#x627;&#x644;&#x641;&#x648;&#x644;&#x643;&#x644;&#x648;&#x631; &#x627;&#x644;&#x643;&#x648;&#x64A;&#x62A;&#x64A; /</subfield>
    <subfield code="c">&#x635;&#x641;&#x648;&#x62A; &#x643;&#x645;&#x627;&#x644;.</subfield>
  </datafield>
  <datafield tag="246" ind1="3" ind2="0">
    <subfield code="a">&#x641;&#x648;&#x644;&#x643;&#x644;&#x648;&#x631; &#x627;&#x644;&#x643;&#x648;&#x64A;&#x62A;&#x64A;</subfield>
  </datafield>
  <datafield tag="250" ind1=" " ind2=" ">
    <subfield code="a">&#x637;. 3.</subfield>
  </datafield>
  <datafield tag="260" ind1=" " ind2=" ">
    <subfield code="a">&#x627;&#x644;&#x643;&#x648;&#x64A;&#x62A; :</subfield>
    <subfield code="b">&#x648;&#x632;&#x627;&#x631;&#x629; &#x627;&#x644;&#x625;&#x639;&#x644;&#x627;&#x645;&#x60C;</subfield>
    <subfield code="c">1986.</subfield>
  </datafield>
  <datafield tag="300" ind1=" " ind2=" ">
    <subfield code="a">334 &#x635;. :</subfield>
    <subfield code="b">&#x635;&#x648;&#x631; (&#x644;&#x648;.) &#x61B;</subfield>
    <subfield code="c">24 &#x633;&#x645;.</subfield>
  </datafield>
  <datafield tag="504" ind1=" " ind2=" ">
    <subfield code="a">&#x64A;&#x634;&#x62A;&#x645;&#x644; &#x639;&#x644;&#x649; &#x625;&#x631;&#x62C;&#x627;&#x639;&#x627;&#x62A; &#x628;&#x628;&#x644;&#x64A;&#x648;&#x62C;&#x631;&#x627;&#x641;&#x64A;&#x629;.</subfield>
  </datafield>
  <datafield tag="650" ind1=" " ind2="7">
    <subfield code="a">&#x627;&#x644;&#x641;&#x648;&#x644;&#x643;&#x644;&#x648;&#x631;</subfield>
    <subfield code="z">&#x627;&#x644;&#x643;&#x648;&#x64A;&#x62A;.</subfield>
    <subfield code="2">BUEsh</subfield>
  </datafield>
  <datafield tag="651" ind1=" " ind2="7">
    <subfield code="a">&#x627;&#x644;&#x643;&#x648;&#x64A;&#x62A;</subfield>
    <subfield code="x">&#x62D;&#x64A;&#x627;&#x629; &#x648;&#x639;&#x627;&#x62F;&#x627;&#x62A; &#x627;&#x62C;&#x62A;&#x645;&#x627;&#x639;&#x64A;&#x629;.</subfield>
    <subfield code="2">BUEsh</subfield>
  </datafield>
  <datafield tag="653" ind1=" " ind2=" ">
    <subfield code="b">GGEN</subfield>
    <subfield code="c">February2018</subfield>
  </datafield>
  <datafield tag="942" ind1=" " ind2=" ">
    <subfield code="2">ddc</subfield>
  </datafield>
  <datafield tag="999" ind1=" " ind2=" ">
    <subfield code="c">26075</subfield>
    <subfield code="d">26047</subfield>
  </datafield>
  <datafield tag="952" ind1=" " ind2=" ">
    <subfield code="0">0</subfield>
    <subfield code="1">0</subfield>
    <subfield code="2">ddc</subfield>
    <subfield code="4">0</subfield>
    <subfield code="7">0</subfield>
    <subfield code="a">MAIN</subfield>
    <subfield code="b">MAIN</subfield>
    <subfield code="c">1ST</subfield>
    <subfield code="d">2018-02-04</subfield>
    <subfield code="o">398.095367 &#x643; &#x645; &#x627;</subfield>
    <subfield code="p">000042907</subfield>
    <subfield code="r">2025-07-15 00:00:00</subfield>
    <subfield code="y">BB</subfield>
  </datafield>
</record>
